000
00301nam a22001097a 4500
082
_a
538.2 PER'H
100
_a
HADFIELD, D
_9
80039
245
_a
PERMANENT MAGNETS AND MAGNETISM THEORY, MATERIALS, DESIGN, MANUFACTURE AND APPLICATIONS
260
_a
LONDON
_b
ILIFFE
_c
1962
300
_a
556P
942
_c
BK
999
_c
585016
_d
585016